| 000 | 00652cam a22002293a 4500 | ||
|---|---|---|---|
| 001 | 18766 | ||
| 003 | PGUSA | ||
| 005 | 20140828083411.0 | ||
| 008 | 060706s2006||||xxu|||||s|||||000 p eng d | ||
| 040 |
_aPGUSA _beng |
||
| 042 | _adc | ||
| 050 | 4 | _aPR | |
| 100 | 1 |
_aHaney, John Louis, _d1877-1960 |
|
| 245 | 1 | 0 |
_aEarly Reviews of English Poets _h[electronic resource] / _cJohn Louis Haney |
| 260 |
_bProject Gutenberg, _c2006 |
||
| 506 | _aPublic domain in the USA. | ||
| 516 | _aElectronic text | ||
| 653 | _aEnglish poetry -- Book reviews | ||
| 830 | 0 |
_aProject Gutenberg _v18766 |
|
| 856 | 4 | 0 | _uhttp://www.gutenberg.org/ebooks/18766 |
| 942 | _cEB | ||
| 999 |
_c248021 _d248021 |
||